<?xml version="1.0" encoding="UTF-8"?>
<record
    xmlns:xsi="http://www.w3.org/2001/XMLSchema-instance"
    xsi:schemaLocation="http://www.loc.gov/MARC21/slim http://www.loc.gov/standards/marcxml/schema/MARC21slim.xsd"
    xmlns="http://www.loc.gov/MARC21/slim">

  <leader>00959nas a2200241 i 4500</leader>
  <controlfield tag="001">254990</controlfield>
  <controlfield tag="005">20260310140655.0</controlfield>
  <controlfield tag="007">ta</controlfield>
  <controlfield tag="008">260310e1994    dr bn|p|r||||||0| | spa d</controlfield>
  <datafield tag="040" ind1=" " ind2=" ">
    <subfield code="a">DO-SdBNP</subfield>
    <subfield code="b">spa</subfield>
    <subfield code="c">BNPHU</subfield>
    <subfield code="e">rda</subfield>
  </datafield>
  <datafield tag="041" ind1=" " ind2=" ">
    <subfield code="h">spa</subfield>
  </datafield>
  <datafield tag="245" ind1=" " ind2=" ">
    <subfield code="a">Revista acna / </subfield>
    <subfield code="c">Asociaci&#xF3;n de Comerciantes de Neum&#xE1;ticos y Accesorios.</subfield>
  </datafield>
  <datafield tag="264" ind1=" " ind2=" ">
    <subfield code="a">Santo Domingo, Rep&#xFA;blica Dominicana :</subfield>
    <subfield code="b">Asociaci&#xF3;n de Comerciantes de Neum&#xE1;ticos y Accesorios, </subfield>
    <subfield code="c">1994.</subfield>
  </datafield>
  <datafield tag="300" ind1=" " ind2=" ">
    <subfield code="a">volumen : </subfield>
    <subfield code="b">ilustraciones, fotograf&#xED;as, gr&#xE1;ficas ; </subfield>
    <subfield code="c">27.5 cm.</subfield>
  </datafield>
  <datafield tag="310" ind1=" " ind2=" ">
    <subfield code="a">Bimestral.</subfield>
  </datafield>
  <datafield tag="336" ind1=" " ind2=" ">
    <subfield code="a">texto </subfield>
    <subfield code="b">txt</subfield>
    <subfield code="2">rdacontent</subfield>
  </datafield>
  <datafield tag="337" ind1=" " ind2=" ">
    <subfield code="a">sin mediaci&#xF3;n </subfield>
    <subfield code="b">n </subfield>
    <subfield code="2">rdamedia</subfield>
  </datafield>
  <datafield tag="338" ind1=" " ind2=" ">
    <subfield code="a">volumen </subfield>
    <subfield code="b">nc </subfield>
    <subfield code="2">rdacarrier</subfield>
  </datafield>
  <datafield tag="362" ind1=" " ind2=" ">
    <subfield code="a">A&#xF1;o 2, No. 4, mayo-junio 1994.</subfield>
  </datafield>
  <datafield tag="500" ind1=" " ind2=" ">
    <subfield code="a">Catalogaci&#xF3;n basada en el: A&#xF1;o 2, No. 4, mayo-junio 1994.</subfield>
  </datafield>
  <datafield tag="650" ind1=" " ind2=" ">
    <subfield code="9">50147</subfield>
    <subfield code="a">Asociaci&#xF3;n de Comerciantes de Neum&#xE1;ticos y Accesorios</subfield>
    <subfield code="v">Publicaciones peri&#xF3;dicas</subfield>
    <subfield code="z">Rep&#xFA;blica Dominicana</subfield>
  </datafield>
  <datafield tag="942" ind1=" " ind2=" ">
    <subfield code="2">ddc</subfield>
    <subfield code="c">ISSUE</subfield>
  </datafield>
  <datafield tag="952" ind1=" " ind2=" ">
    <subfield code="0">0</subfield>
    <subfield code="1">0</subfield>
    <subfield code="2">ddc</subfield>
    <subfield code="4">0</subfield>
    <subfield code="5">6</subfield>
    <subfield code="7">0</subfield>
    <subfield code="8">SE</subfield>
    <subfield code="a">BNPHU</subfield>
    <subfield code="b">BNPHU</subfield>
    <subfield code="d">2026-03-10</subfield>
    <subfield code="h">A&#xF1;o 2, No. 4, mayo-junio 1994</subfield>
    <subfield code="l">0</subfield>
    <subfield code="p">2026-1855</subfield>
    <subfield code="r">2026-03-10</subfield>
    <subfield code="t">e.1</subfield>
    <subfield code="w">2026-03-10</subfield>
    <subfield code="y">ISSUE</subfield>
    <subfield code="z">El pa&#xED;s espera elecciones ejemplares.</subfield>
  </datafield>
  <datafield tag="952" ind1=" " ind2=" ">
    <subfield code="0">0</subfield>
    <subfield code="1">0</subfield>
    <subfield code="2">ddc</subfield>
    <subfield code="4">0</subfield>
    <subfield code="5">6</subfield>
    <subfield code="7">0</subfield>
    <subfield code="8">SE</subfield>
    <subfield code="a">BNPHU</subfield>
    <subfield code="b">BNPHU</subfield>
    <subfield code="d">2026-03-10</subfield>
    <subfield code="h">A&#xF1;o 2, No. 4, mayo-junio 1994</subfield>
    <subfield code="l">0</subfield>
    <subfield code="p">2026-1862</subfield>
    <subfield code="r">2026-03-10</subfield>
    <subfield code="t">e.2</subfield>
    <subfield code="w">2026-03-10</subfield>
    <subfield code="y">ISSUE</subfield>
    <subfield code="z">El pa&#xED;s espera elecciones ejemplares.</subfield>
  </datafield>
  <datafield tag="952" ind1=" " ind2=" ">
    <subfield code="0">0</subfield>
    <subfield code="1">0</subfield>
    <subfield code="2">ddc</subfield>
    <subfield code="4">0</subfield>
    <subfield code="5">6</subfield>
    <subfield code="7">0</subfield>
    <subfield code="8">SE</subfield>
    <subfield code="a">BNPHU</subfield>
    <subfield code="b">BNPHU</subfield>
    <subfield code="d">2026-03-10</subfield>
    <subfield code="h">A&#xF1;o 2, No. 5, agosto 1994</subfield>
    <subfield code="l">0</subfield>
    <subfield code="p">2026-1863</subfield>
    <subfield code="r">2026-03-10</subfield>
    <subfield code="t">e.1</subfield>
    <subfield code="w">2026-03-10</subfield>
    <subfield code="y">ISSUE</subfield>
    <subfield code="z">Reducci&#xF3;n de la Taza de Inter&#xE9;s.</subfield>
  </datafield>
  <datafield tag="952" ind1=" " ind2=" ">
    <subfield code="0">0</subfield>
    <subfield code="1">0</subfield>
    <subfield code="2">ddc</subfield>
    <subfield code="4">0</subfield>
    <subfield code="5">6</subfield>
    <subfield code="7">0</subfield>
    <subfield code="8">SE</subfield>
    <subfield code="a">BNPHU</subfield>
    <subfield code="b">BNPHU</subfield>
    <subfield code="d">2026-03-10</subfield>
    <subfield code="h">A&#xF1;o 2, No. 6, noviembre 1994</subfield>
    <subfield code="l">0</subfield>
    <subfield code="p">2026-1864</subfield>
    <subfield code="r">2026-03-10</subfield>
    <subfield code="t">e.1</subfield>
    <subfield code="w">2026-03-10</subfield>
    <subfield code="y">ISSUE</subfield>
    <subfield code="z">ACNA, celebra con &#xE9;xito su cuarto aniversario.</subfield>
  </datafield>
  <datafield tag="952" ind1=" " ind2=" ">
    <subfield code="0">0</subfield>
    <subfield code="1">0</subfield>
    <subfield code="2">ddc</subfield>
    <subfield code="4">0</subfield>
    <subfield code="5">6</subfield>
    <subfield code="7">0</subfield>
    <subfield code="8">SE</subfield>
    <subfield code="a">BNPHU</subfield>
    <subfield code="b">BNPHU</subfield>
    <subfield code="d">2026-03-10</subfield>
    <subfield code="h">A&#xF1;o 3, No. 7, marzo 1995</subfield>
    <subfield code="l">0</subfield>
    <subfield code="p">2026-1865</subfield>
    <subfield code="r">2026-03-10</subfield>
    <subfield code="t">e.1</subfield>
    <subfield code="w">2026-03-10</subfield>
    <subfield code="y">ISSUE</subfield>
    <subfield code="z">ACNA, realiza m&#xFA;ltiples actividades.</subfield>
  </datafield>
  <datafield tag="952" ind1=" " ind2=" ">
    <subfield code="0">0</subfield>
    <subfield code="1">0</subfield>
    <subfield code="2">ddc</subfield>
    <subfield code="4">0</subfield>
    <subfield code="5">6</subfield>
    <subfield code="7">0</subfield>
    <subfield code="8">SE</subfield>
    <subfield code="a">BNPHU</subfield>
    <subfield code="b">BNPHU</subfield>
    <subfield code="d">2026-03-10</subfield>
    <subfield code="h">A&#xF1;o 3, No. 8, julio 1995</subfield>
    <subfield code="l">0</subfield>
    <subfield code="p">2026-1867</subfield>
    <subfield code="r">2026-03-10</subfield>
    <subfield code="t">e.1</subfield>
    <subfield code="w">2026-03-10</subfield>
    <subfield code="y">ISSUE</subfield>
    <subfield code="z">Gregorio Ramos nuevo presidente de la ACNA.</subfield>
  </datafield>
  <datafield tag="999" ind1=" " ind2=" ">
    <subfield code="c">60473</subfield>
    <subfield code="d">60473</subfield>
  </datafield>
</record>
